Statistics for Select All of the Countries that Border...

Click here to take the quiz!

General Stats

  • This quiz has been taken 1,127 times
  • The average score is 47 of 60

Answer Stats

QuestionTileSelect% Correct
IranIraqYes
98%
IranIndiaNo
95%
IranChinaNo
94%
SerbiaTurkeyNo
94%
AlgeriaGuineaNo
92%
RussiaHungaryNo
92%
SerbiaAustriaNo
90%
AlgeriaEgyptNo
89%
AlgeriaNigeriaNo
89%
IranAfghanistanYes
88%
SerbiaGreeceNo
88%
IranRussiaNo
88%
RussiaKazakhstanYes
87%
RussiaSwedenNo
87%
IranGeorgiaNo
86%
RussiaBelarusYes
85%
SerbiaKosovoYes
85%
AlgeriaSpainNo
85%
AlgeriaTunisiaYes
85%
SerbiaUkraineNo
85%
AlgeriaBurkina FasoNo
84%
DR CongoCentral African RepublicYes
84%
AlgeriaMoroccoYes
84%
RussiaTurkeyNo
84%
AlgeriaLibyaYes
83%
RussiaMoldovaNo
83%
DR CongoMozambiqueNo
83%
DR CongoNamibiaNo
82%
SerbiaCroatiaYes
80%
RussiaGeorgiaYes
79%
RussiaNorth KoreaYes
79%
SerbiaSlovakiaNo
79%
RussiaLatviaYes
78%
IranSaudi ArabiaNo
78%
RussiaLithuaniaYes
77%
SerbiaMontenegroYes
77%
AlgeriaMaliYes
75%
IranTurkmenistanYes
75%
SerbiaHungaryYes
74%
SerbiaNorth MacedoniaYes
74%
SerbiaSloveniaNo
74%
DR CongoAngolaYes
73%
IranAzerbaijanYes
72%
IranKuwaitNo
72%
RussiaArmeniaNo
70%
DR CongoKenyaNo
70%
DR CongoUgandaYes
69%
RussiaUzbekistanNo
69%
DR CongoMalawiNo
67%
DR CongoBurundiYes
65%
AlgeriaMauritaniaYes
65%
AlgeriaNigerYes
65%
IranTurkeyYes
65%
DR CongoGabonNo
61%
SerbiaAlbaniaNo
60%
IranArmeniaYes
59%
DR CongoCameroonNo
59%
AlgeriaChadNo
59%
DR CongoTanzaniaYes
55%
DR CongoSouth SudanYes
53%

Score Distribution

Percentile by Number Answered

Percent of People with Each Score

Your Score History

You have not taken this quiz